Ecrire un scénario

Enregistré dans:
Détails bibliographiques
Auteur principal: Chion, Michel (autor)
Format: Livre
Langue:français
Publié: París Cahiers du Cinéma 1985
Sujets:
Tags: Ajouter un tag
Pas de tags, Soyez le premier à ajouter un tag!

MARC

LEADER 00000nam a2200000 a 4500
001 UCW0355
003 CL-VaPUC
008 930906e19850000FR |||||||||||||||||fre|d
082 0 4 |a 791.437  |b CHI  |2 21 
100 |a Chion, Michel  |e autor  |9 304281 
245 1 0 |a Ecrire un scénario 
300 |a 222 p 
942 |c BK 
945 |d 19930906 00:00:00 
260 |a París  |b Cahiers du Cinéma  |c 1985 
650 0 |a Guiones cinematográficos   |9 266811 
583 |a last modification  |c 20120528 09:03:34  |k Rodrigo Vera 
999 |c 215554  |d 215552 
952 |0 0  |1 0  |4 0  |6 791_437000000000000_CHI_1985  |7 0  |8 R  |9 199901  |a BIBART  |b BIBART  |d 2019-11-14  |i 2671867  |o 791.437 CHI 1985  |p 2671867  |r 2025-03-13  |w 2019-11-14  |y BK_R  |k ART